000 00336 a2200145 4500
001 149857
040 _cEscola São Tomás de Aquino
100 _aRIOS, Rosana
240 1 0 _aEncrenca na biblioteca
_lpor
245 1 0 _aEncrenca na biblioteca
300 _a95
362 0 _a2007
697 _a*LITERATURA INFANTO JUVENIL
942 _cBK
999 _c149857
_d149857